000 00290nam a2200109Ia 4500
008 191201s2012 xx 000 0 und d
100 _aROGERS,David F
245 0 _aProcedural Elements for Computer Graphics
250 _aRep
260 _c2012
_bTata mc Graw Hill
_aNEW DELHI
942 _2ddc
_cBK
999 _c7942
_d7942